|
|
|
|
| LEADER |
01072cam a2200277 4500 |
| 001 |
32576 |
| 003 |
BD-DhAAL |
| 005 |
20211116111018.0 |
| 008 |
180110t19681963nyuae b 000 0 eng |
| 999 |
|
|
|c 38970
|d 38970
|
| 010 |
|
|
|a 68003218
|
| 040 |
|
|
|a DLC
|c DLC
|d DLC
|d BD-DhAAL
|
| 050 |
0 |
0 |
|a NA680
|b .D65 1968
|
| 082 |
0 |
0 |
|a 724.9
|
| 100 |
1 |
|
|a Doxiadēs, Kōnstantinos Apostolou,
|d 1913-1975.
|9 24699
|
| 245 |
1 |
0 |
|a Architecture in transition /
|c Constantinos A. Doxiadis.
|
| 260 |
|
|
|a London,
|b Hutchinson
|c [1968, c1963]
|
| 300 |
|
|
|a 200 pages :
|b illustrations, plans ;
|c 21 cm.
|
| 490 |
0 |
|
|a A Galaxy book, GB238
|
| 500 |
|
|
|a Includes index.
|
| 504 |
|
|
|a Includes bibliographical references (page 197).
|
| 650 |
|
0 |
|a Architecture, Modern
|y 20th century.
|9 24700
|
| 650 |
|
0 |
|a Architecture.
|9 42701
|
| 852 |
|
|
|a Ayesha Abed Library
|c General Stacks
|
| 942 |
|
|
|2 ddc
|c BK
|
| 952 |
|
|
|0 0
|1 0
|2 ddc
|4 0
|6 724_900000000000000_DOX
|7 0
|9 62573
|a BRACUL
|b BRACUL
|c GEN
|d 2018-01-10
|e Development Book Agency
|g 7500.00
|l 1
|m 6
|o 724.9 DOX
|p 3010032576
|r 2022-07-24
|s 2022-06-06
|t 1
|v 7500.00
|w 2018-01-10
|y BK
|